Becoming a Physician (Record no. 441)

000 -LEADER
fixed length control field 00756nam a22002177a 4500
005 - DATE AND TIME OF LATEST TRANSACTION
control field 20210420053954.0
008 - FIXED-LENGTH DATA ELEMENTS--GENERAL INFORMATION
fixed length control field 201126s1995 ||||| |||| 00| 0 eng d
020 ## - INTERNATIONAL STANDARD BOOK NUMBER
International Standard Book Number 0801864828
040 ## - CATALOGING SOURCE
Original cataloging agency eng
Transcribing agency DLC
041 ## - LANGUAGE CODE
Language code of text/sound track or separate title eng
080 ## - UNIVERSAL DECIMAL CLASSIFICATION NUMBER
Universal Decimal Classification number 61 (09)
Item number B-76
100 ## - MAIN ENTRY--PERSONAL NAME
9 (RLIN) 347
Personal name Bonner, Neville Thomas
245 ## - TITLE STATEMENT
Title Becoming a Physician
Remainder of title : Medical Education in Britain, France, Germany and the United States 1750-1945
Statement of responsibility, etc. / by: The Johns Hopkins University Press
260 ## - PUBLICATION, DISTRIBUTION, ETC.
Place of publication, distribution, etc. Baltimore; London
Name of publisher, distributor, etc. The Johns Hopkins University Press
Date of publication, distribution, etc. 1995
300 ## - PHYSICAL DESCRIPTION
Extent 412 p.
650 #0 - SUBJECT ADDED ENTRY--TOPICAL TERM
9 (RLIN) 349
Topical term or geographic name entry element Becoming A Doctor
650 #0 - SUBJECT ADDED ENTRY--TOPICAL TERM
9 (RLIN) 335
Topical term or geographic name entry element History of Medicine
653 ## - INDEX TERM--UNCONTROLLED
Uncontrolled term მედიცინის ისტორია
653 ## - INDEX TERM--UNCONTROLLED
Uncontrolled term გახდი ექიმი
942 ## - ADDED ENTRY ELEMENTS (KOHA)
Source of classification or shelving scheme
Koha item type Books
Holdings
Withdrawn status Lost status Source of classification or shelving scheme Damaged status Not for loan Permanent location Current location Date acquired Inventory number Total Checkouts Full call number Barcode Date last seen Price effective from Koha item type
          Ken Walker International University Ken Walker International University 11/26/2020 121   61 (09) B-76 121 11/26/2020 11/26/2020 Books

Powered by Koha